000 01303nji a22002897a 4500
005 20100903161258.0
006 a|||||r|||||00| 0
007 sd ammalaaahaa
008 100830t xxu||||| |||| 00| 0 eng d
028 _aN-88359
_bHis Master's Voice
035 _aGR-01191
040 _aSED
_cSED
100 _917455
_aDey, Manna
245 _aNehru nei lalkara hai /
_cby Manna Dey & Chorus ; music by Kersi, Mistry ; lyric by Ramesh Gupta
_h[sound recording] :
246 _aनेहरु ने ललकारा है / मन्ना डे द्वारा
260 _aDum Dum, India
_bHis Master's Voice
300 _a1 sound disc [Gramophone Recording]:
_banalog, 33 1/3 rpm
_c9.5 in. (MP)
_fGramophone Record
500 _aBrief Record
505 _aSide- 1 नेहरु ने ललकारा है (Nehru nei lalkara hai ) (Manna Day & Chorus) Side 2 हम हिन्दुस्ता से बोल रहे है-कोमी (Hum Hindusta se bol rahe hai - Komi )
650 _aClassical music
_zIndia
_91186
_xExcerpts
700 _917416
_aMistry, Kersi
700 _917456
_aGupta, Ramesh
700 _918836
700 _918849
942 _2ddc
_cGR
999 _c44500
_d44500